000 00899nam a2200253 a 4500
001 1271
003 BR-CuiBMT
005 20231203195736.0
008 231201s2005 dfb 001 0 por d
040 _aBR-CuiBMT
_cBR-CuiBMT
080 _a82-94
_x(815.3)
_22007
090 _a82-94(815.3)
_bM141m
100 1 _aMacedo, Joaquim Manuel de,
_d1820-1882
245 1 0 _aMemórias da Rua do Ouvidor :
_b(publicadas em folhetins semanais no Jornal do Comércio) /
_cDr. Joaquim Manuel de Macedo.
260 _aBrasília :
_bSenado Federal,
_c2005.
300 _a218 p. ;
_c23 cm
490 1 _aColeção edições do Senado Federal ;
_vv. 41
500 _aInclui índice.
650 _aRio de Janeiro (RJ)
_xRuas
_xHistória
650 _aRua do Ouvidor (Rio de Janeiro, RJ)
_xHistória
650 _aRio de Janeiro (RJ)
_xUsos e costumes
830 0 _aEdições do Senado Federal ;
_v41
942 _2udc
_cLV
999 _c1271
_d1271